<?xml version="1.0" encoding="UTF-8"?>
<marc:record xmlns:marc="http://www.loc.gov/MARC21/slim">
   <marc:leader>00000nam a2200000 a 4500</marc:leader>
   <marc:datafield ind1="1" ind2=" " tag="100">
      <marc:subfield code="a">Flynn, Emilia</marc:subfield>
      <marc:subfield code="4">aut</marc:subfield>
      <marc:subfield code="e">Verfasser/-in</marc:subfield>
   </marc:datafield>
   <marc:datafield ind1="0" ind2="0" tag="245">
      <marc:subfield code="a">Morgan´s Hall: Herzensland</marc:subfield>
   </marc:datafield>
   <marc:datafield ind1="0" ind2="0" tag="245">
      <marc:subfield code="c">Emilia Flynn</marc:subfield>
   </marc:datafield>
   <marc:datafield ind1=" " ind2="1" tag="264">
      <marc:subfield code="a">Vachendorf</marc:subfield>
      <marc:subfield code="b">Kampenwand Verlag</marc:subfield>
      <marc:subfield code="c">2020</marc:subfield>
   </marc:datafield>
   <marc:datafield ind1="1" ind2=" " tag="490">
      <marc:subfield code="a">¬Die¬ Morgan-Saga</marc:subfield>
      <marc:subfield code="v">01</marc:subfield>
   </marc:datafield>
   <marc:datafield ind1="1" ind2=" " tag="520">
      <marc:subfield code="a">1938: Die Amerikaner John Morgan und Richard Cooper treffen in Wien auf die Halbjüdin Isabelle. Beide verlieben sich in die unbekannte Schönheit. Als Hitler Österreich dem Deutschen Reich einverleibt, schwebt sie von einem Tag auf den anderen in höchster Gefahr, und die beiden Männer verhelfen ihr zur Flucht. Fortan lebt Isabelle von Heimweh geplagt auf Johns Apfelbaumplantage »Morgan s Hall«. John kettet sie wie sein Eigentum an sich und hofft auf ihre Liebe. Ihr Herz aber gehört nur Richard, der versprochen hatte, sie zu sich zu holen. Wann wird er endlich kommen, um sie aus ihrer Einsamkeit zu befreien?</marc:subfield>
   </marc:datafield>
   <marc:datafield ind1=" " ind2=" " tag="020">
      <marc:subfield code="a">9783966984768</marc:subfield>
      <marc:subfield code="9">9783966984768</marc:subfield>
   </marc:datafield>
   <marc:datafield ind1=" " ind2=" " tag="020">
      <marc:subfield code="a">3966984768</marc:subfield>
      <marc:subfield code="9">3966984768</marc:subfield>
   </marc:datafield>
</marc:record>
